[Event "ESP-ch Rapid 2018"]
[Site "Linares"]
[Date "2018.08.19"]
[Round "2"]
[White "Sanz Losada, Victoriano"]
[Black "Martin Rueda, Daniel"]
[Result "0-1"]
[WhiteElo "2121"]
[BlackElo "2267"]
[Annotator "TA"]
[EventDate "2018.08.19"]
[PlyCount "48"]
[EventType "team-tourn"]
[EventCountry "ESP"]

1. d4 d5 2. c4 c6 3. Nf3 Nf6 4. Nbd2 a6 5. e3 Bf5 6. Be2 h6 7. O-O e6 8.
Nh4 $146 Bh7 9. f4 Ne4 10. Nhf3 Bd6 11. Ne5 O-O 12. Nxe4 Bxe4 13. Bd3 Bxd3
14. Qxd3 f5 15. Bd2 Bxe5 16. fxe5 Rf7 17. Rac1 Nd7 18. Rf2 Nf8 19. Bb4 Nh7
20. g4 $2 Ng5 $19 21. Rg2 fxg4 22. Be1 $2 dxc4 23. Qxc4 Qd5 24. Qxd5 Nh3+
0-1

[Event "ESP-ch Rapid 2018"]
[Site "Linares"]
[Date "2018.08.19"]
[Round "2"]
[White "Lopez Gonzalez, Alfonso"]
[Black "Sande Edreira, Jose Antonio"]
[Result "1-0"]
[WhiteElo "2063"]
[BlackElo "2230"]
[Annotator "TA"]
[EventDate "2018.08.19"]
[PlyCount "97"]
[EventType "team-tourn"]
[EventCountry "ESP"]

1. d4 Nf6 2. c4 g6 3. Nc3 Bg7 4. e4 d6 5. h3 O-O 6. Bd3 e5 7. d5 Na6 8.
Nge2 Nc5 9. Bc2 a5 10. g4 c6 11. Ng3 cxd5 12. cxd5 Bd7 13. a4 Qb6 14. O-O
$146 Rfc8 15. Kg2 Be8 16. h4 Qb4 17. f3 Qc4 18. h5 Na6 19. Bd3 Qb4 20. hxg6
hxg6 21. Rf2 Nd7 22. Nb5 $1 $16 Nb6 $2 23. Bd2 $18 Qc5 24. Rc1 Nc4 25. Rxc4
Qb6 26. Rxc8 Rxc8 27. Be1 Nc5 28. Rc2 Bh6 29. Bf2 Kg7 30. Bxc5 dxc5 31. Bc4
Bxb5 32. Bxb5 Qd6 33. Re2 b6 34. b3 Rh8 35. Re1 Bg5 36. Rh1 Bh4 37. Rh3 Qf6
38. d6 Rd8 39. d7 Bg5 40. Qd3 Qe6 41. Rh1 c4 42. bxc4 Be7 43. Qd2 Bf6 44.
Ne2 Qe7 45. Nc3 Bg5 46. Nd5 Bxd2 47. Nxe7 Bg5 48. Nd5 Be3 49. Nxe3 1-0

[Event "ESP-ch Rapid 2018"]
[Site "Linares"]
[Date "2018.08.19"]
[Round "2"]
[White "Ordonez Torres, Jesus"]
[Black "Blanco Acevedo, Cristobal Jose"]
[Result "0-1"]
[WhiteElo "1989"]
[BlackElo "2336"]
[Annotator "TA"]
[EventDate "2018.08.19"]
[PlyCount "110"]
[EventType "team-tourn"]
[EventCountry "ESP"]

1. e4 d6 2. d4 g6 3. Nc3 Bg7 4. Nf3 Nc6 5. h3 a6 6. a4 Nf6 7. Be3 e6 $146
8. Be2 Ne7 9. O-O O-O 10. Nd2 e5 11. dxe5 dxe5 12. Nc4 Nc6 $1 $11 13. Bc5
Re8 14. Ne3 b6 15. Ba3 Nd4 $15 16. Bd3 Bb7 17. Re1 Qd7 18. a5 Rad8 19. axb6
cxb6 20. Nc4 Qc7 21. Ne3 b5 22. Bb4 Qc8 23. Ba5 Rd7 24. Ng4 Nh5 25. Ne2 Ne6
26. Qc1 $17 Nc5 27. Qe3 Bf8 28. Ng3 $1 $11 Qc6 29. Nxh5 gxh5 30. Qg5+ Bg7
31. Qxh5 Nxd3 32. cxd3 Rxd3 33. Rac1 Qg6 34. Qxg6 hxg6 35. Rc7 Bc8 36. Ne3
Be6 37. Rc6 Ra8 38. Rec1 Rb3 39. R1c2 Rd3 40. Kf1 Rd4 41. f3 Ra4 42. b4 Ra3
43. Kf2 Rd3 44. Ke2 Rd7 45. Rc8+ Rxc8 46. Rxc8+ Kh7 47. Rc6 Bf8 48. Rxa6
Rd4 49. Nc2 Bc4+ 50. Ke1 Rd3 $1 51. Ra8 $2 Bh6 52. Rd8 Rc3 53. Kd1 $2 Bb3
$19 54. Rd7 Bxc2+ 55. Ke1 Bb3 0-1

[Event "ESP-ch Rapid 2018"]
[Site "Linares"]
[Date "2018.08.19"]
[Round "2"]
[White "Redondo Flores, David"]
[Black "Campos Gambuti, Luis Maria"]
[Result "0-1"]
[WhiteElo "1971"]
[BlackElo "2382"]
[Annotator "TA"]
[EventDate "2018.08.19"]
[PlyCount "56"]
[EventType "team-tourn"]
[EventCountry "ESP"]

1. e4 d5 2. exd5 Qxd5 3. Nf3 Bg4 4. Be2 Nc6 5. c4 Qa5 6. Nc3 O-O-O 7. a3
$146 e5 8. O-O $14 Nf6 9. d3 e4 $1 $17 10. Ng5 Bxe2 11. Nxe2 Rxd3 12. Qc2
Rd7 13. Nxe4 $15 Nxe4 14. Qxe4 Bd6 15. Qg4 f5 $36 16. Qh3 Re8 17. Be3 g6
18. b4 Qa4 19. b5 Na5 $1 $17 20. c5 Bxc5 $1 21. Bxc5 Rxe2 22. Rfe1 Qxb5 $19
23. Qc3 Rxe1+ 24. Rxe1 b6 25. Re8+ Kb7 26. Qf3+ Qc6 27. Qxc6+ Nxc6 28. Bb4
Nxb4 0-1

[Event "ESP-ch Rapid 2018"]
[Site "Linares"]
[Date "2018.08.19"]
[Round "2"]
[White "Fernandez Calzada, Juan A"]
[Black "Vega Gutierrez, Sabrina"]
[Result "0-1"]
[WhiteElo "1692"]
[BlackElo "2390"]
[Annotator "TA"]
[EventDate "2018.08.19"]
[PlyCount "100"]
[EventType "team-tourn"]
[EventCountry "ESP"]

1. e4 c5 2. Nc3 Nc6 3. f4 e6 4. Nf3 a6 5. a4 d5 6. e5 Nh6 7. Be2 Be7 8. O-O
O-O 9. d3 f6 10. Qe1 $146 Qc7 11. Bd1 Bd7 12. Bd2 Rab8 13. a5 Nf5 14. Na4
Nfd4 15. exf6 $11 Bxf6 16. Nb6 Nxf3+ 17. Bxf3 Bxb2 18. Nxd7 Qxd7 19. Rb1
Bf6 20. Bg4 Rbe8 21. Rb6 Bd8 22. Rb1 Kh8 23. Bh5 Re7 24. Qg3 Nd4 25. Bd1
Ref7 26. c3 Nf5 $17 27. Qh3 Bxa5 $19 28. g4 Nd6 29. Bc2 d4 30. g5 Rf5 31.
Bd1 Nb5 32. Bg4 dxc3 33. Bxf5 exf5 34. Bc1 Re8 35. Ra1 Bb6 36. Kh1 Nd4 37.
Ba3 Re2 38. Rab1 Ba7 39. Kg1 b5 40. Rbe1 b4 41. Bc1 c4 $1 42. Rxe2 Nxe2+
43. Kg2 Qd5+ 44. Qf3 Qxf3+ 45. Kxf3 Nxc1 46. Rxc1 cxd3 47. Re1 Kg8 48. h4
c2 49. Re8+ Kf7 50. Rc8 d2 0-1

[Event "ESP-ch Rapid 2018"]
[Site "Linares"]
[Date "2018.08.19"]
[Round "2"]
[White "De la Fuente de la Fuente, Alba"]
[Black "Fernandez De Bobadilla, Gabriel"]
[Result "1/2-1/2"]
[WhiteElo "1659"]
[BlackElo "2175"]
[Annotator "TA"]
[EventDate "2018.08.19"]
[PlyCount "53"]
[EventType "team-tourn"]
[EventCountry "ESP"]

1. e4 c5 2. Nc3 a6 3. f4 b5 4. Nf3 Bb7 5. d3 e6 6. g3 Be7 7. Bg2 Nf6 8. O-O
d6 9. h3 Nc6 10. Ne2 Qc7 11. Be3 d5 12. e5 Nd7 13. d4 f5 $146 14. Ng5 Nf8
15. c3 h6 $16 16. Nf3 c4 17. g4 g6 18. Ng3 O-O-O 19. b3 cxb3 20. axb3 Kb8
21. Nd2 Na7 22. Ne2 fxg4 23. hxg4 h5 24. g5 $1 Nd7 25. Bh3 Nf8 26. Qc2 Rc8
27. Qd3 1/2-1/2

[Event "ESP-ch Rapid 2018"]
[Site "Linares"]
[Date "2018.08.19"]
[Round "2"]
[White "Joglar Garcia, Maria"]
[Black "Guadamuro Torrente, Anabel"]
[Result "1/2-1/2"]
[WhiteElo "1583"]
[BlackElo "2145"]
[Annotator "TA"]
[EventDate "2018.08.19"]
[PlyCount "64"]
[EventType "team-tourn"]
[EventCountry "ESP"]

1. d4 d5 2. Nf3 c6 3. Bf4 Nf6 4. e3 g6 5. c4 e6 6. Be2 Bg7 7. Nc3 O-O 8.
O-O Ne4 $146 9. Bd3 f5 10. Qc2 Nd7 11. h3 Ndf6 12. Ne5 Nh5 13. Bh2 $36 Qg5
14. Be2 a6 15. Qd1 Bxe5 16. Bxe5 Bd7 17. Bxh5 gxh5 18. cxd5 cxd5 19. Rc1
Bc6 20. Re1 Kf7 21. Qf3 Rg8 22. Nxe4 dxe4 $11 23. Qg3 Qxg3 24. Bxg3 Rgd8
25. Red1 Rd5 26. Rc5 Rxc5 27. dxc5 Bd5 28. a3 Rc8 29. b4 a5 30. Be5 axb4
31. axb4 Ra8 32. Ra1 Rh8 $2 1/2-1/2

[Event "ESP-ch Rapid 2018"]
[Site "Linares"]
[Date "2018.08.19"]
[Round "2"]
[White "Gonzalez Fernandez, Manuel Jesus"]
[Black "Merario Alarcon, Andres"]
[Result "0-1"]
[WhiteElo "1340"]
[BlackElo "2406"]
[Annotator "TA"]
[EventDate "2018.08.19"]
[PlyCount "82"]
[EventType "team-tourn"]
[EventCountry "ESP"]

1. e4 Nf6 2. e5 Nd5 3. d4 d6 4. Bc4 Nb6 5. Bb3 dxe5 6. Qh5 e6 7. dxe5 a5 8.
a4 Na6 9. Nc3 Nc5 10. Be3 Nxb3 11. cxb3 Bb4 12. Rd1 Nd5 13. Nf3 Qe7 14. Bd2
$146 O-O 15. Ng5 h6 $36 16. h4 f6 17. Nxd5 exd5 $19 18. Nf3 fxe5 19. Qxe5
Qxe5+ 20. Nxe5 $17 Re8 21. f4 Bd6 22. Bc3 c6 23. O-O Bf5 24. Rc1 c5 25.
Rfe1 b6 26. g4 Bh7 27. h5 Be4 28. Kf2 Re7 29. Kg3 Bc7 30. Nf3 $2 d4 $2 31.
Bd2 Rae8 32. Kg2 $2 Bd5 33. b4 axb4 34. Rxe7 Rxe7 35. a5 $2 Re2+ $19 36.
Kg3 Bxf3 37. Kxf3 Rxd2 38. axb6 Bxb6 39. Rb1 c4 40. Ke4 Re2+ 41. Kf3 d3 0-1

[Event "ESP-ch Rapid 2018"]
[Site "Linares"]
[Date "2018.08.19"]
[Round "3"]
[White "Salgado Lopez, Ivan"]
[Black "Ladron De Guevara Pinto, Paolo"]
[Result "1-0"]
[WhiteElo "2643"]
[BlackElo "2424"]
[Annotator "TA"]
[EventDate "2018.08.19"]
[PlyCount "103"]
[EventType "team-tourn"]
[EventCountry "ESP"]

1. e4 e5 2. Nf3 Nc6 3. Bb5 g6 4. d4 exd4 5. Bg5 Be7 6. Bxe7 Qxe7 7. Bxc6
dxc6 8. Qxd4 Nf6 9. Nc3 Bg4 10. Nd2 c5 11. Qe3 O-O-O 12. h3 Bd7 13. O-O-O
Bc6 14. Rhe1 b6 15. f3 Rhe8 16. Qg5 Nh5 17. Qxe7 Rxe7 18. Nf1 $146 Nf4 19.
Rxd8+ Kxd8 20. Ne3 h5 21. h4 Rd7 22. Ne2 Ne6 23. Rd1 Rxd1+ 24. Kxd1 $11 Ke7
25. Kd2 a5 26. Nd1 Kd6 27. Ke3 Bb7 28. Nf4 Nd4 29. c3 Nc6 30. Nd3 Ba6 31.
f4 a4 32. Kd2 Bc4 33. a3 Be6 34. Ne3 f6 35. Ne1 b5 36. Nf3 Bf7 37. Kd3 Be6
38. Kd2 Bf7 39. g4 hxg4 40. Nxg4 Ke7 41. e5 f5 42. Nf2 Na5 43. Nd3 Bd5 44.
Ke2 Nc4 45. Nd2 $1 $16 Bf7 $2 46. Nxc4 $1 $18 Bxc4 47. Ke3 Bxd3 $2 48. Kxd3
Ke6 49. c4 c6 50. Kc3 Kf7 51. b3 Ke6 52. cxb5 1-0

[Event "ESP-ch Rapid 2018"]
[Site "Linares"]
[Date "2018.08.19"]
[Round "3"]
[White "Santos Latasa, Jaime"]
[Black "Estremera Panos, Sergio"]
[Result "1-0"]
[WhiteElo "2582"]
[BlackElo "2337"]
[Annotator "TA"]
[EventDate "2018.08.19"]
[PlyCount "120"]
[EventType "team-tourn"]
[EventCountry "ESP"]

1. Nf3 c5 2. e4 e6 3. d4 cxd4 4. Nxd4 Nf6 5. Nc3 Nc6 6. Ndb5 Bb4 7. a3
Bxc3+ 8. Nxc3 d5 9. Bd3 d4 10. Ne2 e5 11. O-O O-O 12. h3 Re8 13. Ng3 Be6
14. f4 exf4 $1 15. Bxf4 Nd7 16. Qd2 $146 Nde5 17. Nh5 Qh4 18. Be2 $14 Nc4
19. Qc1 Ne3 20. Bxe3 dxe3 21. Qxe3 Rad8 22. Qg3 Qxg3 23. Nxg3 Rd2 24. Bd3
Rd8 25. Rf2 Rxf2 26. Kxf2 Ne5 27. Ke3 g6 28. Ne2 Kf8 29. a4 Ke7 30. Nd4 a6
31. a5 Rc8 32. Ra4 Rc5 33. Ra3 Rc7 34. Nf3 Kf6 35. Nxe5 Kxe5 $16 36. Ra4 $1
h5 37. Rb4 h4 38. c3 g5 39. Be2 f6 40. Rb6 Bc8 41. Rb4 Be6 42. Ra4 Bb3 43.
Rd4 $18 Be6 44. c4 $1 Rc8 45. b4 Rc7 46. Bd3 $2 Rg7 $1 $11 47. Be2 $2 Rc7
$18 48. Rd1 Rc8 49. c5 $1 Rc7 50. Rd6 Bc8 $2 51. Rd5+ Ke6 52. Bc4 Ke7 53.
Rd6 f5 $2 54. Rg6 g4 55. Rg7+ Kd8 56. Rxc7 Kxc7 57. e5 Bd7 58. Kf4 Bc6 59.
hxg4 Bxg2 60. gxf5 h3 1-0

[Event "ESP-ch Rapid 2018"]
[Site "Linares"]
[Date "2018.08.19"]
[Round "3"]
[White "Moreno Trujillo, Alejandro"]
[Black "Pallardo Lozoya, Jose Vicente"]
[Result "1-0"]
[WhiteElo "2497"]
[BlackElo "2382"]
[Annotator "TA"]
[EventDate "2018.08.19"]
[PlyCount "95"]
[EventType "team-tourn"]
[EventCountry "ESP"]

1. d4 d5 2. c4 dxc4 3. e3 Nf6 4. Nf3 a6 5. Bxc4 e6 6. O-O c5 7. Bb3 Nc6 8.
Nc3 cxd4 9. exd4 Be7 10. Bg5 O-O 11. Qd2 Na5 12. Bc2 b5 13. Rad1 Nc4 14.
Qf4 Bb7 15. d5 $14 exd5 16. Rfe1 Re8 17. Bxf6 Bxf6 18. Rxe8+ Qxe8 19. Qf5
$146 Kf8 20. Re1 $40 Qc8 $2 21. Qxh7 $18 g6 22. Ng5 $1 Bg7 23. Bxg6 $1 Nd6
24. Bxf7 $1 Nxf7 25. Ne6+ Qxe6 26. Rxe6 d4 27. Rg6 Be5 28. Rg8+ Ke7 29.
Qh4+ Bf6 30. Qg3 Rxg8 31. Qxg8 dxc3 32. bxc3 Nd6 33. h4 $1 Bxc3 34. h5 Nf7
35. Qb8 Bd5 36. Qc7+ Ke6 37. Qxc3 Bxa2 38. Qc6+ Ke5 39. Qxa6 Bc4 40. h6 Kd4
41. h7 b4 42. Qf6+ Kd3 43. Qb2 b3 44. g4 Ke4 45. g5 Kf5 46. Qf6+ Ke4 47. g6
Ne5 48. Qxe5+ 1-0

[Event "ESP-ch Rapid 2018"]
[Site "Linares"]
[Date "2018.08.19"]
[Round "3"]
[White "Espinosa Aranda, Angel"]
[Black "Garcia Garcia, Adrian Antonio"]
[Result "1-0"]
[WhiteElo "2451"]
[BlackElo "2179"]
[Annotator "TA"]
[EventDate "2018.08.19"]
[PlyCount "91"]
[EventType "team-tourn"]
[EventCountry "ESP"]

1. Nf3 f5 2. g3 Nf6 3. Bg2 g6 4. b4 Bg7 5. Bb2 d5 $146 6. O-O c6 7. d3 O-O
8. Nbd2 Na6 9. a3 Nc7 10. c4 e6 11. Rc1 Nce8 12. Qb3 Ng4 13. h3 Bxb2 14.
Qxb2 Qf6 15. d4 Nh6 16. b5 $36 Nd6 17. Ne5 Ne4 18. bxc6 $18 bxc6 19. Nxc6
Ba6 20. cxd5 exd5 21. Ne5 Rfc8 22. Qa2 Kg7 $2 23. Qxd5 Nxd2 24. Qd7+ Nf7
25. Bxa8 Rxa8 26. Rc6 Rd8 27. Rxf6 Rxd7 28. Rxa6 Nxe5 29. dxe5 Nxf1 30.
Kxf1 Re7 31. f4 Rb7 32. Kf2 Kh6 33. g4 Kg7 34. Kf3 h5 35. gxf5 gxf5 36. h4
Rb3+ 37. e3 Rb7 38. a4 Kf7 39. Rf6+ Ke7 40. Rxf5 Rb4 41. Rxh5 Rxa4 42. f5
Ra1 43. Rh7+ Kf8 44. e6 a5 45. Ke4 Kg8 46. Ra7 1-0

[Event "ESP-ch Rapid 2018"]
[Site "Linares"]
[Date "2018.08.19"]
[Round "3"]
[White "Huerga Leache, Mikel"]
[Black "Gavilan Diaz, Mario"]
[Result "1-0"]
[WhiteElo "2451"]
[BlackElo "2334"]
[Annotator "TA"]
[EventDate "2018.08.19"]
[PlyCount "95"]
[EventType "team-tourn"]
[EventCountry "ESP"]

1. Nf3 Nf6 2. c4 g6 3. b4 Bg7 4. Bb2 O-O 5. e3 d6 6. d4 e5 7. dxe5 Ng4 8.
Nc3 Nxe5 9. Be2 Nbc6 10. Nxe5 Nxe5 11. O-O Be6 12. c5 $146 Nc4 13. Bxc4 $1
Bxc4 14. Re1 dxc5 15. bxc5 Qxd1 16. Nxd1 Rfd8 17. Bxg7 Kxg7 18. Nc3 Rd2 19.
Rec1 Rad8 20. a3 Ba6 21. Rab1 c6 22. h3 h5 23. a4 h4 24. Rb4 g5 25. f4 f6
26. Kh2 Kg6 27. Ne4 Re2 28. fxg5 fxg5 29. Rf1 Rxe3 30. Rf6+ Kg7 31. Rf5
Rxe4 $2 32. Rxe4 $11 Bd3 33. Rxg5+ $18 Kf6 34. Reg4 Bf5 35. Rg8 Rd5 36. Rb4
Rxc5 37. Rxb7 Ra5 38. Rb4 c5 39. Rxh4 Be6 40. Rh6+ Kf7 41. Rgh8 Bf5 42. Rc6
Be4 43. Rc7+ Kg6 44. Rh4 Rxa4 45. Rxc5 Kf6 46. Rf4+ Ke6 47. h4 Kd6 48. Rg5
1-0

[Event "ESP-ch Rapid 2018"]
[Site "Linares"]
[Date "2018.08.19"]
[Round "3"]
[White "Cruz Lledo, Pablo"]
[Black "Calzetta Ruiz, Monica"]
[Result "1-0"]
[WhiteElo "2432"]
[BlackElo "2302"]
[Annotator "TA"]
[EventDate "2018.08.19"]
[PlyCount "139"]
[EventType "team-tourn"]
[EventCountry "ESP"]

1. d4 Nf6 2. c4 c5 3. d5 b5 4. f3 e6 5. e4 exd5 6. cxd5 c4 7. Be3 Bb4+ 8.
Nc3 d6 $146 9. Ne2 O-O 10. Ng3 Qa5 11. Qd2 Nbd7 12. Be2 Nc5 13. O-O Na4 14.
Bd4 Bc5 15. Rab1 Bd7 16. Kh1 Bxd4 $11 17. Qxd4 Nxc3 18. bxc3 Rfe8 19. Rb2
Qa3 20. Rfb1 a5 21. Qd2 Qc5 22. Nf1 a4 23. Ne3 Nh5 24. Bf1 h6 25. Nc2 Re5
26. Nd4 $16 Rb8 27. Rb4 Rb6 $2 28. g4 Nf6 29. Bg2 $2 g5 $2 30. Nc2 h5 31.
h3 hxg4 32. hxg4 Kg7 33. Qd4 Ra6 34. Ne3 Re8 35. Kg1 Rh8 36. R4b2 a3 37.
Rd2 Qxd4 $11 38. Rxd4 Raa8 39. Nc2 Rh4 40. Rd2 Rah8 41. Nxa3 $16 Bxg4 $2
42. Nxb5 Bh3 43. Rbb2 Nh5 44. Nxd6 $18 Nf4 45. Nf5+ $2 Bxf5 $1 $14 46. exf5
Rd8 47. d6 Kf6 48. d7 $16 Kxf5 49. Rb5+ Kf6 50. Bf1 g4 $14 51. fxg4 Rxg4+
52. Kf2 Ke7 53. Kf3 $16 Rh4 54. Rd4 Ng6 55. Rxh4 Nxh4+ 56. Ke4 Rxd7 57.
Bxc4 Rc7 58. Kd3 $1 Ng6 59. Bb3 Nf4+ 60. Kd2 Ne6 61. Bxe6 Kxe6 62. a4 f5
63. a5 Rd7+ 64. Ke3 Rc7 65. Kd3 Rd7+ 66. Kc4 f4 67. a6 Ra7 $2 68. Ra5 $18
Kd6 69. Kb5 Ke5 70. Kb6+ 1-0

[Event "ESP-ch Rapid 2018"]
[Site "Linares"]
[Date "2018.08.19"]
[Round "3"]
[White "Llobell Cortell, Enrique"]
[Black "Garcia Cuenca, Victor"]
[Result "0-1"]
[WhiteElo "2411"]
[BlackElo "2351"]
[Annotator "NA"]
[EventDate "2018.08.19"]
[PlyCount "65"]
[EventType "team-tourn"]
[EventCountry "ESP"]

1. e4 c5 2. Nc3 e6 3. Nf3 a6 4. d4 cxd4 5. Nxd4 d6 6. g3 Nf6 7. Bg2 Bd7 8.
O-O Nc6 9. Nxc6 Bxc6 10. Bf4 Be7 11. e5 dxe5 12. Bxc6+ bxc6 13. Bxe5 O-O
14. Qe2 Qb6 15. b3 Nd7 16. Bf4 Bf6 17. Na4 Qb5 18. c4 Qf5 19. Rad1 e5 20.
Be3 e4 21. Rxd7 Qxd7 22. Nb6 Qf5 23. Nxa8 Rxa8 24. Rd1 Be5 25. Bb6 Re8 26.
Be3 h5 27. c5 Ra8 28. h4 a5 29. Bg5 f6 30. Bc1 a4 31. b4 Kh8 32. Qc2 Qg4
33. Re1 0-1

[Event "ESP-ch Rapid 2018"]
[Site "Linares"]
[Date "2018.08.19"]
[Round "3"]
[White "Fernandez Garcia, Jose Miguel"]
[Black "Lopez Gonzalez, Alfonso"]
[Result "1-0"]
[WhiteElo "2404"]
[BlackElo "2063"]
[Annotator "TA"]
[EventDate "2018.08.19"]
[PlyCount "73"]
[EventType "team-tourn"]
[EventCountry "ESP"]

1. e4 e6 2. d4 d5 3. Nc3 Nf6 4. e5 Nfd7 5. Qh5 c5 6. Nf3 g6 7. Qg5 Qxg5 8.
Bxg5 a6 9. Ne2 Nc6 10. c3 b6 $146 11. h4 h5 12. O-O-O a5 13. Nf4 Ba6 $2 14.
Bxa6 $18 Rxa6 15. Rhe1 $2 cxd4 16. cxd4 $40 Be7 17. Kb1 b5 18. Rc1 Bxg5 19.
Nxg5 O-O 20. Red1 $16 Rc8 21. f3 Raa8 22. g4 hxg4 23. fxg4 Ne7 24. Rf1
Rxc1+ 25. Kxc1 Nc6 26. Ne2 Rf8 27. Kd2 Nb6 28. b3 a4 29. h5 $18 Kg7 $2 30.
Nxe6+ $1 fxe6 31. h6+ $1 Kxh6 32. Rxf8 Kg7 33. Rf6 Nd8 34. Nf4 axb3 35.
axb3 Nd7 36. Nxe6+ Nxe6 37. Rxe6 1-0

[Event "ESP-ch Rapid 2018"]
[Site "Linares"]
[Date "2018.08.19"]
[Round "3"]
[White "Camacho Collados, Marcos"]
[Black "Anton Guijarro, David"]
[Result "0-1"]
[WhiteElo "2393"]
[BlackElo "2652"]
[Annotator "TA"]
[EventDate "2018.08.19"]
[PlyCount "70"]
[EventType "team-tourn"]
[EventCountry "ESP"]

1. d4 Nf6 2. Nf3 e6 3. Bg5 Be7 4. Nbd2 d5 5. e3 Nbd7 6. Bd3 c5 7. c3 b6 8.
Ne5 Nxe5 9. dxe5 Nd7 10. Bxe7 Qxe7 11. f4 O-O 12. O-O f6 13. exf6 Nxf6 14.
Nf3 Bb7 15. Ne5 Rad8 16. Qe2 Nd7 17. Qh5 g6 18. Nxg6 $146 hxg6 19. Qxg6+
Qg7 20. Qxe6+ Rf7 21. Rf3 Nf8 $11 22. Qh3 Qf6 23. Qh5 Rg7 24. Bf5 $2 d4 $19
25. e4 dxc3 $40 26. bxc3 Rd2 27. g4 Qd6 28. Raf1 Rd1 29. g5 Rxf1+ $2 30.
Kxf1 $4 Qd1+ 31. Kf2 Qc2+ 32. Kg3 Bxe4 33. Bxe4 Qxe4 34. f5 $2 Qe5+ 35. Kg4
Rh7 0-1

[Event "ESP-ch Rapid 2018"]
[Site "Linares"]
[Date "2018.08.19"]
[Round "3"]
[White "Suarez Uriel, Adrian"]
[Black "Ibarra Jerez, Jose Carlos"]
[Result "0-1"]
[WhiteElo "2391"]
[BlackElo "2570"]
[Annotator "TA"]
[EventDate "2018.08.19"]
[PlyCount "62"]
[EventType "team-tourn"]
[EventCountry "ESP"]

1. e4 c5 2. Nf3 e6 3. d4 cxd4 4. Nxd4 Qb6 5. Nb3 Qc7 6. Nc3 a6 7. Be2 b5 8.
O-O Bb7 9. a3 Nf6 10. Qd3 d6 11. f4 Nbd7 12. Bf3 $146 Rc8 13. Bd2 Be7 14.
Rae1 e5 15. f5 h5 16. Kh1 h4 17. Nd1 Qxc2 18. Qxc2 Rxc2 19. Bc3 h3 $36 20.
g4 Rh4 21. Nf2 $2 Bd8 $19 22. Na1 Rxf2 $1 23. Rxf2 Nc5 24. Rfe2 Nxg4 25.
Rg1 $2 Nxe4 $1 26. Rf1 Nef2+ $1 27. Rfxf2 Nxf2+ 28. Rxf2 Rf4 29. Bxb7 Rxf2
30. Kg1 Bb6 31. Bxa6 Rxf5+ 0-1

[Event "ESP-ch Rapid 2018"]
[Site "Linares"]
[Date "2018.08.19"]
[Round "3"]
[White "Vega Gutierrez, Sabrina"]
[Black "Tejedor Fuente, Enrique"]
[Result "0-1"]
[WhiteElo "2390"]
[BlackElo "2408"]
[Annotator "TA"]
[EventDate "2018.08.19"]
[PlyCount "68"]
[EventType "team-tourn"]
[EventCountry "ESP"]

1. e4 c5 2. d3 Nc6 3. g3 g6 4. Bg2 Bg7 5. f4 d6 6. Nf3 Nf6 7. O-O O-O 8. h3
Rb8 9. Nc3 b5 10. g4 b4 11. Ne2 Nd7 12. Ng3 Ba6 13. g5 $146 c4 14. Re1 cxd3
$1 $17 15. cxd3 Nc5 16. Bf1 Qb6 17. Be3 Bxb2 18. Rb1 Bc3 19. d4 Bxf1 $2 20.
dxc5 $16 dxc5 21. Rxf1 Rfd8 22. Qc2 a5 23. Ne2 Nd4 24. Nfxd4 cxd4 $11 25.
Nxc3 Qc6 26. Bf2 dxc3 $15 27. Rfd1 Rxd1+ 28. Rxd1 a4 29. Bd4 Rc8 30. Kh2 $2
Qb5 31. Be5 $2 h6 $2 32. gxh6 b3 33. axb3 axb3 34. Qxc3 $2 Qe2+ 0-1

[Event "ESP-ch Rapid 2018"]
[Site "Linares"]
[Date "2018.08.19"]
[Round "3"]
[White "Lianes Garcia, Marcos"]
[Black "Garcia Romero, Benjamin Abel"]
[Result "1-0"]
[WhiteElo "2340"]
[BlackElo "2230"]
[Annotator "TA"]
[EventDate "2018.08.19"]
[PlyCount "111"]
[EventType "team-tourn"]
[EventCountry "ESP"]

1. e4 c5 2. g3 d5 3. exd5 Qxd5 4. Nf3 Nc6 5. Bg2 Qe4+ 6. Kf1 Nd4 7. d3 $16
Qe6 $146 8. Be3 Nxf3 9. Qxf3 Qf6 10. Nc3 Qxf3 11. Bxf3 e6 12. Ne4 Bd7 13.
Bxc5 Nf6 14. Nxf6+ gxf6 15. Bxf8 Kxf8 16. Kg2 Rb8 17. Rhe1 Ke7 18. d4 Rhc8
19. c3 b5 20. Rac1 a5 21. Be4 h6 22. f4 Kd6 23. Kf2 f5 24. Bf3 Bc6 25. Bxc6
Rxc6 26. Ke3 a4 27. Kd3 f6 28. Re2 Rbc8 29. Rec2 h5 30. Rg1 Rc4 31. b3 $1
axb3 32. axb3 R4c6 33. Ra1 h4 34. c4 hxg3 35. hxg3 Rg8 36. Rg2 Rb8 37. c5+
$18 Kd5 38. b4 e5 39. dxe5 $1 fxe5 40. fxe5 Rg8 41. Kc3 Kxe5 42. Re2+ $1
Kf6 43. Re3 Rg4 $2 44. Ra5 Re6 45. Rd3 Ree4 46. Rxb5 Rc4+ 47. Kb3 Kg5 48.
Rb8 Kf6 49. Rb6+ Ke5 50. c6 Rge4 51. Ka4 Ke6 52. c7+ Ke5 53. Rb7 Re1 54.
Rd8 Rec1 55. Rb5+ Ke6 56. Rc5 $1 1-0

[Event "ESP-ch Rapid 2018"]
[Site "Linares"]
[Date "2018.08.19"]
[Round "3"]
[White "Blanco Acevedo, Cristobal Jose"]
[Black "Orantes Taboada, Francisco"]
[Result "1-0"]
[WhiteElo "2336"]
[BlackElo "2242"]
[Annotator "TA"]
[EventDate "2018.08.19"]
[PlyCount "96"]
[EventType "team-tourn"]
[EventCountry "ESP"]

1. g3 g6 2. Bg2 Bg7 3. Nf3 Nf6 4. O-O O-O 5. c4 d5 6. Na3 Nc6 7. d3 dxc4 8.
Nxc4 Nd5 9. Rb1 Nb6 10. Ne3 Be6 $146 11. b3 Qc8 12. Ba3 Bh3 13. Qc2 Bxg2
14. Kxg2 Re8 15. Bb2 e5 16. Rbc1 Bh6 17. Qc5 Qe6 18. Rcd1 Rad8 19. h3 Qd6
20. Ba3 Qxc5 21. Bxc5 Nd5 22. Ng4 Bg7 23. Rc1 f5 24. Ne3 Bh6 25. Nxd5 Rxd5
26. Rc2 e4 27. Ne1 Re6 28. f4 exd3 29. Nxd3 Bg7 30. Bf2 Bd4 31. Rfc1 Bxf2
32. Kxf2 Re7 33. Rc5 Rxc5 34. Rxc5 $11 Kf7 35. e3 Rd7 $2 36. Ke2 $2 Ke6 $2
37. b4 $2 Rd5 38. b5 Nb4 $1 39. Rxd5 Nxd5 40. Nc5+ Ke7 41. Kd3 Nb4+ 42. Kc4
Nxa2 43. Nd3 Kd6 44. Kb3 Kd5 $1 45. Kxa2 c6 $2 46. bxc6 bxc6 $2 47. Nf2 $1
$18 Kc4 48. Ka3 a5 1-0

[Event "ESP-ch Rapid 2018"]
[Site "Linares"]
[Date "2018.08.19"]
[Round "3"]
[White "Galiana Fernandez, Adrian"]
[Black "Arizmendi Martinez, Julen Luis"]
[Result "0-1"]
[WhiteElo "2291"]
[BlackElo "2507"]
[Annotator "TA"]
[EventDate "2018.08.19"]
[PlyCount "36"]
[EventType "team-tourn"]
[EventCountry "ESP"]

1. e4 e6 2. d4 d5 3. Nd2 Be7 4. Bd3 c5 5. dxc5 Nf6 6. Qe2 O-O 7. Ngf3 Nfd7
8. b4 a5 9. c3 axb4 10. cxb4 Nc6 11. Rb1 $1 Rxa2 12. O-O Nde5 $146 13. b5
Nxf3+ $17 14. Qxf3 Ne5 $36 15. Qg3 Nxd3 16. Qxd3 Bxc5 17. e5 Qh4 18. Nb3 $2
Bxf2+ 0-1